Focus sur: Draugluin - Tolkien - Statistiques

Statistiques générales
  • Ce quiz a été pris 14 fois
  • Le résultat moyen est 4 sur 8
Statistiques - réponses
Informations recherchées Réponses % Correct
Première apparition Le Silmarillion
80%
Age durant lequel il vécut Premier
80%
Maître Morgoth
70%
Espèce Loup-garou
60%
Forteresse Angband
50%
Contrée Beleriand (Nord)
40%
Fils (ou descendant) Carcharoth
40%
Ile Tol-in-Gaurhoth
10%
Aucun quiz correspondant
Distribution des résultats
% des personnes avec chaque résultat
Percentile par nombre de réponses
Votre historique - résultats
Vous n’avez pas pris ce quiz